Swine Breeds - Statistics

General Stats
  • This quiz has been taken 11 times
  • The average score is 7 of 15
Answer Stats
Picture Answer % Correct
Berkshire
83%
Tamworth
83%
Duroc
67%
Hampshire
67%
Hereford
67%
Spotted
67%
Kunekune
50%
Landrace
50%
Chester White
33%
Large White
33%
Mangalica
17%
Mini Pig
17%
Red Wattle
17%
Meishan
0%
Peitrain
0%
No matching quizzes found
Score Distribution
Percent of People with Each Score
Percentile by Number Answered
Your Score History
You have not taken this quiz